000 00682nam a2200289Ia 4500
005 20260324121819.0
008 008 260324s9999 xx 000 0 eng d
020 _a9780203125137
037 _aEBOOK
040 _aCRL
040 _beng
040 _cCRL
041 _2eng
041 _aeng
084 _qCRL
100 _aPatrice Pavis; Joel Anderson
_91163978
245 0 _aContemporary Mise en Scène
245 0 _bStaging Theatre Today
260 _bTaylor and Francis
260 _c2013
365 _a
365 _b230
856 _uhttp://www.taylorfrancis.com/books/9780203125137
942 _cEBOOK
999 _c1756303
_d1756303